| 000 -LEADER |
| fixed length control field |
01378 a2200289 4500 |
| 003 - CONTROL NUMBER IDENTIFIER |
| control field |
Nust |
| 005 - DATE AND TIME OF LATEST TRANSACTION |
| control field |
20230825123411.0 |
| 010 ## - LIBRARY OF CONGRESS CONTROL NUMBER |
| LC control number |
2005047880 |
| 020 ## - INTERNATIONAL STANDARD BOOK NUMBER |
| Terms of availability |
0071384219 (alk. paper) |
| 040 ## - CATALOGING SOURCE |
| Transcribing agency |
Nust |
| 082 00 - DEWEY DECIMAL CLASSIFICATION NUMBER |
| Classification number |
621.381,STA |
| 245 00 - TITLE STATEMENT |
| Title |
Standard handbook of electronic engineering / |
| Statement of responsibility, etc. |
Donald Christiansen, editor, Charles K. Alexander, editor, Ronald K. Jurgen, associate editor. |
| 250 ## - EDITION STATEMENT |
| Edition statement |
5th ed. |
| 260 ## - PUBLICATION, DISTRIBUTION, ETC. |
| Place of publication, distribution, etc. |
New York : |
| Name of publisher, distributor, etc. |
McGraw-Hill, |
| Date of publication, distribution, etc. |
c2005. |
| 300 ## - PHYSICAL DESCRIPTION |
| Extent |
1 v. (various pagings) : |
| Other physical details |
ill. ; |
| Dimensions |
25 cm. + |
| Accompanying material |
1 CD-ROM ( 4 3/4 in.) |
| 440 #0 - SERIES STATEMENT/ADDED ENTRY--TITLE |
| Title |
McGraw-Hill standard handbooks |
| 9 (RLIN) |
81463 |
| 505 ## - FORMATTED CONTENTS NOTE |
| Formatted contents note |
Part 1.Principle and techniques (Page-1.3), Part2 .Components. (Page-5.3), Part 3 .Circuits and Functions (Page-10.3), Part 4. Systems and Applications(Page-17-3) |
| 650 #0 - SUBJECT ADDED ENTRY--TOPICAL TERM |
| Topical term or geographic name entry element |
Telecommunication Engineering. |
| 700 1# - ADDED ENTRY--PERSONAL NAME |
| Personal name |
Alexander, Charles K. |
| 9 (RLIN) |
83822 |
| 700 1# - ADDED ENTRY--PERSONAL NAME |
| Personal name |
Christiansen, Donald. |
| 9 (RLIN) |
37626 |
| 700 1# - ADDED ENTRY--PERSONAL NAME |
| Personal name |
Jurgen, Ronald K. |
| 856 42 - ELECTRONIC LOCATION AND ACCESS |
| Materials specified |
Book review (E-STREAMS) |
| Uniform Resource Identifier |
<a href="http://www.e-streams.com/es0909/es0909_4471.html">http://www.e-streams.com/es0909/es0909_4471.html</a> |
| 856 42 - ELECTRONIC LOCATION AND ACCESS |
| Materials specified |
Contributor biographical information |
| Uniform Resource Identifier |
<a href="http://www.loc.gov/catdir/enhancements/fy0624/2005047880-b.html">http://www.loc.gov/catdir/enhancements/fy0624/2005047880-b.html</a> |
| 856 42 - ELECTRONIC LOCATION AND ACCESS |
| Materials specified |
Publisher description |
| Uniform Resource Identifier |
<a href="http://www.loc.gov/catdir/enhancements/fy0624/2005047880-d.html">http://www.loc.gov/catdir/enhancements/fy0624/2005047880-d.html</a> |
| 856 42 - ELECTRONIC LOCATION AND ACCESS |
| Materials specified |
Table of contents only |
| Uniform Resource Identifier |
<a href="http://www.loc.gov/catdir/enhancements/fy0624/2005047880-t.html">http://www.loc.gov/catdir/enhancements/fy0624/2005047880-t.html</a> |
| 942 ## - ADDED ENTRY ELEMENTS (KOHA) |
| Koha item type |
Reference |
| Source of classification or shelving scheme |
|